000 00820nam a2200241Ia 4500
001 19870
003 GE_BSU
008 181216s||||||||xx |||||||||||||| ||und||
020 _a9994072285
040 _cGE_BSU
080 _a007
100 _aსურგულაძე,რ.
245 _aმასობრივი კომუნიკაცია: თეორიის საკითხები
245 _cრედ. რევაზ ჯორბენაძე
260 _aთბილისი
260 _c2003
300 _a294გვ.
541 _h9ლ.35თ.
653 _aბიბლიოთეკარი
653 _aმასობრივი კომუნიკაცია: თეორიის საკითხები
653 _aქსეროქსი
942 _cBK
999 _c52840
_d52840